Leading industry bodies co-operate on health and safety (Record no. 78446)
[ view plain ]
| 000 -LEADER | |
|---|---|
| fixed length control field | 01256cab a2200229 4500 |
| 001 - CONTROL NUMBER | |
| control field | ##L136794 |
| 008 - FIXED-LENGTH DATA ELEMENTS--GENERAL INFORMATION | |
| fixed length control field | 070223n2007 000 0 eng u |
| 035 ## - SYSTEM CONTROL NUMBER | |
| System control number | (Sirsi) u136794 |
| 041 0# - LANGUAGE CODE | |
| Language code of text/sound track or separate title | eng |
| 110 2# - MAIN ENTRY--CORPORATE NAME | |
| Corporate name or jurisdiction name as entry element | Construction Confederation |
| 9 (RLIN) | 3647 |
| 245 00 - TITLE STATEMENT | |
| Title | Leading industry bodies co-operate on health and safety |
| Medium | [electronic resource] |
| 260 ## - PUBLICATION, DISTRIBUTION, ETC. | |
| Date of publication, distribution, etc. | 2007 |
| 490 #0 - SERIES STATEMENT | |
| Series statement | Construction Confederation News Release |
| Volume/sequential designation | 12 February 2007 |
| 520 ## - SUMMARY, ETC. | |
| Summary, etc. | In the spirit of the forthcoming Construction (Design and Management) Regulations 2007, the Construction Confederation and the Specialist Engineering Contractors have signed a statement of intent to collaborate to improve health and safety on construction sites. The organisations will tackle slips, trips and falls on site and will work together on practical guidance on meeting core criteria for assessing contractor competence. |
| 590 ## - LOCAL NOTE (RLIN) | |
| Local note | KA |
| 650 24 - SUBJECT ADDED ENTRY--TOPICAL TERM | |
| Topical term or geographic name entry element | CONSTRUCTION (DESIGN AND MANAGEMENT) REGULATIONS 2007 |
| 651 #4 - SUBJECT ADDED ENTRY--GEOGRAPHIC NAME | |
| Geographic name | GREAT BRITAIN |
| 690 ## - LOCAL SUBJECT ADDED ENTRY--TOPICAL TERM (OCLC, RLIN) | |
| Topical term or geographic name as entry element | Health and safety |
| 9 (RLIN) | 6244 |
| 690 ## - LOCAL SUBJECT ADDED ENTRY--TOPICAL TERM (OCLC, RLIN) | |
| Topical term or geographic name as entry element | BUILT ENVIRONMENT-CONSTRUCTION MANAGEMENT-CONSTRUCTION DESIGN AND MANAGEMENT |
| 856 40 - ELECTRONIC LOCATION AND ACCESS | |
| Uniform Resource Identifier | <a href="https://www.thecc.org.uk/index.asp?page=whatsnew">https://www.thecc.org.uk/index.asp?page=whatsnew</a> |
| Public note | View the item free of charge at www.thecc.org.uk... |
| 942 ## - ADDED ENTRY ELEMENTS (KOHA) | |
| Suppress in OPAC | 0 |
| Withdrawn status | Lost status | Source of classification or shelving scheme | Damaged status | Not for loan | Home library | Current library | Shelving location | Date acquired | Total Checkouts | Full call number | Barcode | Date last seen | Copy number | Price effective from | Koha item type |
|---|---|---|---|---|---|---|---|---|---|---|---|---|---|---|---|
| Dewey Decimal Classification | Virtual | Virtual | Online | 23/02/2007 | ONLINE PUBLICATION | 136794-2001 | 06/08/2019 | 1 | 06/08/2019 | Journal article |